| 000 | 00771nam a2200265Ia 4500 | ||
|---|---|---|---|
| 005 | 20250117110411.0 | ||
| 008 | 008 250114s9999 xx 000 0 eng d | ||
| 020 | _a9781118893869 | ||
| 037 | _aTextual | ||
| 040 |
_aCSL _beng _cCSL |
||
| 041 |
_aeng _2eng |
||
| 084 |
_aI;4 R0 Carb _qCSL |
||
| 100 |
_aLucas, John A _9497088 |
||
| 245 | 0 |
_aPlant pathology and plant pathogens _cLucas, John A |
|
| 250 | _a4th | ||
| 260 |
_aWest Sussex _bWiley Blackwell _c2020 |
||
| 300 | _axi, 416p. ill. | ||
| 650 |
_a microbial pathogenicity _9734296 |
||
| 650 |
_a pathogen biology _9734297 |
||
| 650 |
_a plant defense _9710847 |
||
| 650 |
_a plant diseces _9734713 |
||
| 650 | _aBotany | ||
| 942 |
_cTEXL _hI;4 R0 Carb |
||
| 999 |
_c1238174 _d1238174 |
||